000 01137nam a2200277 a 4500
001 BRCA_300
005 20190320202943.0
008 950301s1981 mx-h---###---#000-0#spa-u
041 _aspa
044 _amx
050 4 _aE141
_b.E83 1981
245 1 0 _aEscenas de América
_bDe Bry-Grabadores, Francfort del Meno. 1601
_ceditor Mario de la Torre ; textos de Miguel Angel Fernández.
260 _aMéxico
_bCartón y Papel de México
_c1981
300 _a94 p.
_bil.(algunas a color), hojas plegables, mapas
_c34 cm.
500 _aFacsímil de: Francfurt del Meno, por Wolfgang Richtern, 1601
500 _aIncluye una selección de ilustraciones de los trabajos de Teodoro de Bry y sus descendientes
500 _aBibliografía: p. 22.
546 _aTexto en inglés, alemán y español.
650 1 4 _aIndígenas
_xTrabajos Ilustrados
_91005
650 1 4 _aAmérica
_xTrabajos Ilustrados
_yCuentas tempranas a 1600
_91006
650 1 4 _aAmérica
_xDescubrimiento y exploración
_91007
700 1 _aBry, Teodoro de
_d1528-1598
_91008
700 1 _aTorre, Mario de la
_91009
700 1 _aFernández, Miguel Angel
_91010
942 _2lcc
_cB
999 _c242
_d242